UBT Library

International law / (Record no. 1153)

000 -LEADER
fixed length control field 00479nam a22001817a 4500
008 - FIXED-LENGTH DATA ELEMENTS--GENERAL INFORMATION
fixed length control field 150921b xxu||||| |||| 00| 0 eng d
020 ## - INTERNATIONAL STANDARD BOOK NUMBER
International Standard Book Number 1594600937
041 0# - LANGUAGE CODE
Language code of text/sound track or separate title eng
080 ## - UNIVERSAL DECIMAL CLASSIFICATION NUMBER
Universal Decimal Classification number 341
100 1# - Rafti
Rafti Epps, Valerie,
245 10 - TITLE STATEMENT
Title International law /
Statement of responsibility, etc Valerie Epps.
250 ## -
-- 3rd ed.
260 ## -
-- Durham, N.C. :
-- Carolina Academic Press,
-- 2005.
300 ## -
-- xxvii, 466 f. ;
-- 26 cm.
650 #0 -
-- E drejta ndërkombëtare
700 1# -
-- Epps, Valerie,
942 ## - ADDED ENTRY ELEMENTS (KOHA)
Source of classification or shelving scheme
Item type Books
Holdings
Withdrawn status Lost status Source of classification or shelving scheme Damaged status Not for loan Collection code Permanent location Current location Shelving location Date acquired Total Checkouts Full call number Barcode Date last seen Price effective from Koha item type
          Koleksioni i përgjithshem UBT - Lipjan UBT - Lipjan Koleksioni i përgjithshem 05/03/2017   341 EPP 002-283717 05/03/2017 05/03/2017 Books
UBT Library © 2015-2024. All rights reserved University Education for Business and Technology